Kudy, kudy cestička?
Rôzne predstavy o úlohe štátu a jeho hospodárskej politike v druhej etape transformácie českej ekonomiky. Názory vládnych ekonómov na úlohu štátu. Problémy spojené s ekonomickou reformou - potreba štátnej ingerencie do ekonomiky. Doplnenie makroekonomickej hospodárskej politiky politikou mikroekonom...
Saved in:
| Main Author: | |
|---|---|
| Format: | Book Chapter |
| Language: | Czech |
| Subjects: | |
| Tags: |
No Tags, Be the first to tag this record!
|
MARC
| LEADER | 00000naa a2200000 4500 | ||
|---|---|---|---|
| 001 | r016480 | ||
| 005 | 20221208130740.1 | ||
| 041 | 0 | |a cze | |
| 044 | |a CZ | ||
| 245 | 1 | 0 | |a Kudy, kudy cestička? |c Stanislav Heczko |
| 520 | |a Rôzne predstavy o úlohe štátu a jeho hospodárskej politike v druhej etape transformácie českej ekonomiky. Názory vládnych ekonómov na úlohu štátu. Problémy spojené s ekonomickou reformou - potreba štátnej ingerencie do ekonomiky. Doplnenie makroekonomickej hospodárskej politiky politikou mikroekonomickou. Potreba dlhodobejšieho strategického programu vlády pre vývoj českej ekonomiky. | ||
| 610 | 2 | 0 | |a štát |
| 610 | 2 | 0 | |a intervencionizmus štátny |
| 610 | 2 | 0 | |a politika hospodárska |
| 610 | 2 | 0 | |a stratégia hospodárska |
| 610 | 2 | 0 | |a programy vládne |
| 610 | 2 | 0 | |a transformácia |
| 610 | 2 | 0 | |a Česko |
| 100 | 1 | |a Heczko, Stanislav | |